|
|
|
|
| LEADER |
00958nam a22002652a 4500 |
| 001 |
000803132 |
| 003 |
CZ BrMZK |
| 005 |
20140804141142.0 |
| 007 |
ta |
| 008 |
060102s1959 xr er|||||||||||cze d |
| 015 |
|
|
|a cnb000466768
|z cnb000827329
|
| 035 |
|
|
|a (OCoLC)85327581
|
| 040 |
|
|
|a ABA001
|b cze
|c ULG001
|d ABA001
|d BOA001
|
| 080 |
9 |
|
|a 914.37(075.2)
|
| 100 |
1 |
|
|a Doubrava, Josef,
|d 1918-1986
|7 jk01022875
|4 edt
|
| 245 |
1 |
0 |
|a Zeměpis Československé republiky pro osmý ročník všeobecně vzdělávacích škol :
|b pokusná učebnice /
|c zprac. Josef Doubrava, Josef Brabec a Stanislav Mařan
|
| 250 |
|
|
|a 1. vyd.
|
| 260 |
|
|
|a Praha :
|b SPN,
|c 1959
|
| 300 |
|
|
|a 147 s. ;
|c 8°
|
| 490 |
1 |
|
|a Učebnice pro všeobecně vzdělávací školy
|
| 700 |
1 |
|
|a Mařan, Stanislav,
|d 1909-
|7 jk01080429
|4 edt
|
| 700 |
1 |
|
|a Brabec, Josef,
|c učebnice zeměpisu
|4 edt
|
| 830 |
|
0 |
|a Učebnice pro všeobecně vzdělávací školy
|0 s
|
| 910 |
|
|
|a BOA001
|b 2-0423.648
|
| 990 |
|
|
|a BK
|